Параллелепипед: сборник-эксперимент проза молодых

Dades bibliogràfiques
Altres autors: Лопусов Ю. Юрий (составитель), Попов М. (автор предисловия)
Idioma:rus
Publicat: Москва, Молодая гвардия, 1990
Matèries:
Format: MixedMaterials Llibre
KOHA link:https://koha.lib.tpu.ru/cgi-bin/koha/opac-detail.pl?biblionumber=146837

MARC

LEADER 00000nam0a2200000 4500
001 146837
005 20231031144801.0
010 |a 5235007603 
035 |a (RuTPU)RU\TPU\book\159168 
090 |a 146837 
100 |a 20081105d1990 m y0rusy50 ca 
101 0 |a rus 
102 |a RU 
105 |a a z 000ay 
200 1 |a Параллелепипед  |e сборник-эксперимент проза молодых  |f сост. Ю. Лопусов ; авт. предисл. М. Попов 
210 |a Москва  |c Молодая гвардия  |d 1990 
215 |a 256 с.  |c ил. 
610 1 |a советская литература 
610 1 |a рассказы 
610 1 |a повести 
675 |a Р2  |v 3 
702 1 |a Лопусов  |b Ю.  |g Юрий  |4 220 
702 1 |a Попов  |b М.  |4 080 
801 1 |a RU  |b 63413507  |c 20081105  |g PSBO 
801 2 |a RU  |b 63413507  |c 20081105  |g PSBO 
942 |c BK